000 00284nam a2200109Ia 4500
008 240624s9999 xx 000 0 und d
041 _aeng
082 _a658.7 API
100 _aTHE ASSOCIATION FOR OPERATION MANAGEMENT
245 _aEXECUTION AND CONTROL OF OPERATIONS
260 _c2000
999 _c12842
_d12842